Smižany - najkrajšia obec Slovenska 2016

Bibliographic Details
Format: Article
Language:Slovak
PhysicalDescription:Fotogr.
ISSN:1338-7618
Subjects:
Online Access:https://www.smizany.sk/smiziansky-hlasnik.html

MARC

LEADER 00000nab a2200000 ar4500
001 vtls011775339
003 SK-MaSNL
005 20260305040317.0
008 180830c20170204xo mr|p|||||||000 b|slo
038 |a SNSK 
040 |a SNSK  |b slo  |e rda  |c SK 
041 0 |a slo 
043 |a e-xo- - - 
044 |a xo  |c SK 
080 |a 004.738.5  |2 2011 
080 |a 711.5  |x "2016"  |2 2011 
080 |a 7.092  |x "2016"  |2 2011 
245 0 0 |a Smižany - najkrajšia obec Slovenska 2016 
300 |b Fotogr. 
611 2 7 |a Najkrajšie mesto a obec Slovenska  |g súťaž  |d (2016 :  |c Slovensko)  |2 snsk  |9 1088844 
650 0 7 |a webové stránky  |2 snsk  |9 2008 
650 0 7 |a súťaže  |2 snsk  |9 3301 
651 7 |a Smižany (Slovensko)  |2 snsk  |9 29314 
651 7 |a Spišská Nová Ves (Slovensko : okres)  |2 snsk  |9 22259 
773 0 |t Smižiansky hlásnik : mesačník občanov a priateľov Smižian  |g Roč. XXVI, č. 2 (4. február 2017), s. 1  |x 1338-7618 
852 |a SNSK  |b KIS3GCP 
856 4 1 |u https://www.smizany.sk/smiziansky-hlasnik.html 
999 |c 3337814  |d 3339744